LEADER 00819nam a2200217 i 4500 001 000000165442 003 CaOOAMICUS 005 20071017000000.0 008 071017s1973 it u000 u ita u 013 $a142810 040 $aSeMil$bita 100 1 $aVerga, Giovanni,$d<1840-1922>.$0(OLS)http://semarc/name/3542 245 10$aSulle lagune /$cGiovanni Verga ; a cura di G. Niccolai. 260 $aModena :$bSTEM Mucchi,$cstampa 1973. 300 $a134 p. ;$c22 cm. 700 1 $aNiccolai, Giulia,$d<1934-2021>.$0(OLS)http://semarc/name/62431 850 $aSeMil 852 $aSeMil$W1$xVenegono$y1$m1B III 369$j248607$B116636$CSeMilBibl$Z2$F127553 $81 961 $aRecupero: Altro 996 $6245$aSulle lagune$9(OLS)http://semarc/title/236208 996 $6260$aModena :$bSTEM Mucchi$9(OLS)http://semarc/publisher/42043